Central Library OPAC University of Rajshahi

আসাম বুরঞ্জি / (Record no. 77696)

MARC details
000 -LEADER
fixed length control field 00856nam a2200229 a 4500
001 - CONTROL NUMBER
control field 77696
003 - CONTROL NUMBER IDENTIFIER
rucl marc code BD-RjUL
005 - DATE AND TIME OF LATEST TRANSACTION
control field 20211209083019.0
008 - FIXED-LENGTH DATA ELEMENTS--GENERAL INFORMATION
fixed length control field 201228s1962 ii ||||| |||| 00| 0 ebe d
035 ## - SYSTEM CONTROL NUMBER
System control number (BD-RjUL)77922
040 ## - CATALOGING SOURCE
Original cataloging agency BD-RjUL
Language of cataloging eng
Transcribing agency BD-RjUL
041 ## - LANGUAGE CODE
Language code of text/sound track or separate title eng
082 ## - DEWEY DECIMAL CLASSIFICATION NUMBER
Edition number 23
Classification number 954.162
Author mark and year PHA 1962
100 ## - MAIN ENTRY--PERSONAL NAME
Personal name ফুক্কন, হলিরাম ঢেকিয়াল
9 (RLIN) 243006
245 10 - TITLE STATEMENT
Title আসাম বুরঞ্জি /
Statement of responsibility, etc. হলিরাম ঢেকিয়াল ফুক্কন
260 ## - PUBLICATION, DISTRIBUTION, ETC. (IMPRINT)
Place of publication, distribution, etc. আসাম :
Name of publisher, distributor, etc. মোক্ষাদা পুস্তকালয়,
Date of publication, distribution, etc. ১৯৬২
300 ## - PHYSICAL DESCRIPTION
Pagination ১১৫, ৫০ পৃ.;
Size ২১ সেমি.
505 01 - FORMATTED CONTENTS NOTE
Formatted contents note ভাগ.১-৪ --
651 ## - SUBJECT ADDED ENTRY--GEOGRAPHIC NAME
Geographic name ভারত
Geographic subdivision আসাম
General subdivision ইতিহাস
9 (RLIN) 243007
Geographic name India
Geographic subdivision Assam
General subdivision History.
9 (RLIN) 243008
942 ## - ADDED ENTRY ELEMENTS (KOHA)
Source of classification or shelving scheme Dewey Decimal Classification
Koha item type Books
Holdings
Lost status Source of classification or shelving scheme Damaged status Not for loan Collection code Permanent Location Current Location Shelving location Date acquired Source of acquisition Total Checkouts Full call number Date last seen Copy number Koha item type
  Dewey Decimal Classification   Not For Loan Non-fiction Central Library, University of Rajshahi Central Library, University of Rajshahi Reading Room 28/08/1973 India Govt.   B 954.162 PHA V.1-4 1962 28/12/2020 C-1 Books